Pays frontaliers du Niger - Statistiques

Statistiques générales
  • Ce quiz a été pris 37 fois
  • Le résultat moyen est 7 sur 7
Statistiques - réponses
Km Pays % Correct
1 497 Nigeria
100%
1 175 Tchad
100%
956 Algérie
97%
354 Libye
97%
266 Benin
92%
821 Mali
92%
628 Burkina Faso
86%
Aucun quiz correspondant
Distribution des résultats
% des personnes avec chaque résultat
Percentile par nombre de réponses
Votre historique - résultats
Vous n’avez pas pris ce quiz